000 00774cam a2200277 a 4500
008
020 _a0761963170 (pbk. )
049 _aMAIN
090 _aBF637.C6
_bMEA
100 1 _aMearns, Dave.
245 1 0 _aPerson-centred counselling in action /
_cDave Mearns and Brian Thorne.
250 _a2nd ed.
260 _aLondon :
_bSage,
_c1999
300 _axiv, 178 p. ;
_c21 cm.
440 0 _aCounselling in action.
500 _aIncludes index.
504 _aIncludes bibliographical references.
650 0 _aCounseling.
700 _aThorne, Brian
700 _aDryden, Windy
907 _a.b10222352
_b10-03-10
_c08-12-06
003
005 20230123134431.0
040 _cNUST
942 _cBOOKS
_kBF637.C6
_mMEA
999 _c165863
_d165863